00271nam a2200097Ia 4500008004100000082001200041100001800053245008400071260000900155300000900164190415s9999 xx 000 0 und d aRR.0009 aRoy, Prodipto 0aFactors affecting comprehension and retention of selected S.I.T.E. Programmes : c1977 a71p.